MARC

LEADER 00000nam0a2200000 4500
001 355540
005 20231102010814.0
035 |a (RuTPU)RU\TPU\retro\12800 
090 |a 355540 
100 |a 20200709d1945 m y0rusy50 ca 
101 0 |a rus 
102 |a RU 
105 |a a z 000zy 
200 1 |a Машинист шахтного вентилятора  |f В. В, Данчич 
210 |a Москва  |c Гостоптехиздат  |d 1945 
215 |a 61 с.  |c ил. 
225 1 |a В помощь новым кадрам угольной промышленности 
300 |a Подписано к печати 8/VIII 1944 г. 
606 1 |a Рудничные вентиляторы  |x Эксплуатация  |2 stltpush  |3 (RuTPU)RU\TPU\subj\25684  |9 49778 
610 1 |a коллекция: 1941-1945 гг. 
610 1 |a шахты 
610 1 |a проветривание 
610 1 |a шахтные вентиляторы 
675 |a 622.445  |v 4 
700 1 |a Данчич  |b В. В, 
801 1 |a RU  |b 63413507  |c 20200709 
801 2 |a RU  |b 63413507  |c 20200715  |g RCR 
942 |c BK